000 00587nam a2200181 i 4500
001 43566
003 ES-MaACL
005 20240207063017.0
007 t|
008 030318s1960 sp ||||1| spa d
080 _a821.134.2-32"19"
100 1 _aCastroviejo, José María,
_d1909-1983
_936993
245 1 3 _aEl pálido visitante
_b: ejemplares relatos de avisos y apariciones en el Finisterre /
_cJosé María Castroviejo.
260 _aSantiago :
_bPorto y Cía.,
_c1960.
300 _a166 p. ;
_c21 cm.
852 _aES-MaACL
_jC-19091
_bR.45984
999 _c43566
_d43566